000 00302nam a22001337a 4500
008 181031b xxu||||| |||| 00| 0 eng d
020 _a9781319127114
041 _aeng
080 _211th
_a573
100 _a11
101 _aBIO
245 _aLife The Science of Biology
_cSadava,D
942 _2udc
_cBK
999 _c51240
_d51240